00473pab a2200157 454500008004000000100001800040245007100058260000900129300001500138362001200153650002500165650003300190650003300223650002000256773003900276180718b2010 xxu||||| |||| 00| 0 eng d aRaihan, Selim aInformal sector in Bangladesh: Implications for growth and poverty c2010 ap.251-265. aApr-Jun aPoverty - Bangladesh aEconomic growth - Bangladesh aInformal sector - Bangladesh aInformal sector aIndian Journal of Labour Economics